[Event "Ruhrgebiet-ch Seniors 10th"]
[Site "Essen"]
[Date "2003.04.01"]
[Round "5"]
[White "Liszka, Guenter"]
[Black "Grande, Reinhard"]
[Result "1-0"]
[WhiteElo "1802"]
[BlackElo "1342"]
[PlyCount "84"]
[EventDate "2003.04.??"]
[EventType "swiss"]
[EventRounds "9"]
[EventCountry "GER"]
[SourceTitle "EXT 2006"]
[Source "ChessBase"]
[SourceDate "2005.11.24"]
[SourceVersion "1"]
[SourceVersionDate "2005.11.24"]
[SourceQuality "1"]

1. e4 e5 2. Nf3 Nf6 3. Nxe5 d6 4. Nf3 Nxe4 5. Qe2 Qe7 6. d3 Nf6 7. Nc3 Bg4 8. Be3 Nc6 9. h3 Bxf3 10. Qxf3 g6 11. 0-0-0 Bg7 12. g4 0-0-0 13. Bg2 d5 14. d4 h6 15. Rhe1 Qd7 16. h4 Nxg4 17. Bh3 h5 18. Qg2 f5 19. Bg5 Bh6 20. f3 Bxg5+ 21. hxg5 Rde8 22. Qg1 Rxe1 23. Rxe1 Re8 24. Rxe8+ Qxe8 25. fxg4 hxg4 26. Bg2 Qh8 27. Nxd5 Qxd4 28. Qxd4 Nxd4 29. Ne7+ Kd7 30. Nxg6 Ne6 31. Bxb7 Nxg5 32. Kd2 g3 33. Bg2 Ke6 34. Ke3 Kf6 35. Nf4 Ke5 36. Nd3+ Kf6 37. Kf4 Ne4 38. Bxe4 fxe4 39. Ne1 e3 40. Kxe3 Ke5 41. Nd3+ Kf5 42. Kf3 g2 1-0

[Event "Ruhrgebiet-ch Seniors 10th"]
[Site "Essen"]
[Date "2003.03.24"]
[Round "1"]
[White "Grande, Reinhard"]
[Black "Hardt, Helmut"]
[Result "0-1"]
[WhiteElo "1342"]
[BlackElo "1775"]
[PlyCount "50"]
[EventDate "2003.04.??"]
[EventType "swiss"]
[EventRounds "9"]
[EventCountry "GER"]
[SourceTitle "EXT 2006"]
[Source "ChessBase"]
[SourceDate "2005.11.24"]
[SourceVersion "1"]
[SourceVersionDate "2005.11.24"]
[SourceQuality "1"]

1. d4 Nf6 2. Nf3 d5 3. Bf4 c6 4. c3 Bf5 5. Nbd2 e6 6. Nh4 Bg4 7. h3 Bh5 8. g4 Ne4 9. Nhf3 Bg6 10. Ne5 Nd7 11. Nxg6 hxg6 12. Nxe4 dxe4 13. g5 Nb6 14. Bg2 Nd5 15. Qd2 Rh4 16. Bg3 e3 17. fxe3 Qxg5 18. Bxh4 Qxg2 19. 0-0-0 Qe4 20. Bf2 Nb6 21. b3 Ba3+ 22. Qb2 Bxb2+ 23. Kxb2 Nd5 24. Rhg1 Nxe3 25. Rd3 Nc4+ 0-1